Reformulating India’s artificial inelegance regulatory framework: Retrospect and prospect (Record no. 524443)

000 -LEADER
fixed length control field 00478nam a22001337a 4500
008 - FIXED-LENGTH DATA ELEMENTS--GENERAL INFORMATION
fixed length control field 231117b ||||| |||| 00| 0 eng d
100 ## - MAIN ENTRY--PERSONAL NAME
Personal name Das, Jatindra Kumar
245 ## - TITLE STATEMENT
Title Reformulating India’s artificial inelegance regulatory framework: Retrospect and prospect
260 ## - PUBLICATION, DISTRIBUTION, ETC. (IMPRINT)
Place of publication, distribution, etc Journal of the Indian Law Institute
300 ## - PHYSICAL DESCRIPTION
Extent 64(4), Oct-Dec, 2022: p.441-459
773 ## - HOST ITEM ENTRY
Main entry heading Journal of the Indian Law Institute
906 ## - LOCAL DATA ELEMENT F, LDF (RLIN)
Subject DIP ARTIFICIAL INTELLEGENCE
942 ## - ADDED ENTRY ELEMENTS (KOHA)
Item type Articles
Holdings
Withdrawn status Lost status Source of classification or shelving scheme Damaged status Not for loan Permanent location Current location Date acquired Serial Enumeration / chronology Barcode Date last seen Koha item type
          Indian Institute of Public Administration Indian Institute of Public Administration 2023-11-17 64(4), Oct-Dec, 2022: p.441-459 AR130323 2023-11-17 Articles

Powered by Koha